[Event "Belarus-ch Men 2022"]
[Site "Minsk"]
[Date "2022.01.13"]
[Round "1.1"]
[White "Stribuk, Artiom"]
[Black "Tsaruk, Maksim"]
[Result "0-1"]
[WhiteElo "2210"]
[BlackElo "2343"]
[Annotator "ChessBase"]
[PlyCount "98"]
[EventDate "2022.01.09"]
[EventType "tourn"]
[EventCountry "BLR"]
[SourceTitle "playchess.com"]
[Source "ChessBase"]
[SourceQuality "1"]
[TimeControl "40/5400+30:1800+30"]

1. d4 {[%emt 0:00:01]} Nf6 {[%emt 0:00:58]} 2. c4 {[%emt 0:00:15]} e6 {[%emt 0:00:09]} 3. g3 {[%emt 0:00:13]} d5 {[%emt 0:00:22]} 4. Nf3 {[%emt 0:00:12]} Bb4+ {[%emt 0:00:12]} 5. Bd2 {[%emt 0:00:29]} Be7 {[%emt 0:00:08]} 6. Bg2 {[%emt 0:00:13]} O-O {[%emt 0:00:11]} 7. Qc2 {[%emt 0:00:12]} c6 {[%emt 0:00:11]} 8. h4 {[%emt 0:00:18]} Nbd7 {[%emt 0:10:46]} 9. Nc3 {[%emt 0:00:20]} dxc4 {[%emt 0:01:45]} 10. Rd1 {[%emt 0:00:13]} Qc7 {[%emt 0:12:19]} 11. Bf4 {[%emt 0:15:22]} Bd6 {[%emt 0:09:57]} 12. Bxd6 {[%emt 0:00:41]} Qxd6 {[%emt 0:00:05]} 13. e4 {[%emt 0:01:09]} Qe7 {[%emt 0:03:00]} 14. e5 {[%emt 0:09:00]} Nd5 {[%emt 0:00:06]} 15. Ng5 {[%emt 0:19:04]} f5 {[%emt 0:03:44]} 16. Qe2 {[%emt 0:13:43]} h6 {[%emt 0:12:52]} 17. Nh3 {[%emt 0:03:28]} N7b6 {[%emt 0:00:14]} 18. Bxd5 {[%emt 0:04:04]} cxd5 {[%emt 0:02:24]} 19. Nf4 {[%emt 0:00:30]} Rf7 {[%emt 0:07:25]} 20. g4 {[%emt 0:07:31]} fxg4 {[%emt 0:04:05]} 21. Qxg4 {[%emt 0:00:09]} Rf5 {[%emt 0:03:55]} 22. Rg1 {[%emt 0:04:01]} Qf7 {[%emt 0:00:08]} 23. Nce2 {[%emt 0:01:45]} Bd7 {[%emt 0:00:27]} 24. Rc1 {[%emt 0:02:23]} Kh7 {[%emt 0:14:56]} 25. Rc3 {[%emt 0:05:31]} Na4 {[%emt 0:04:27]} 26. Rcg3 {[%emt 0:01:36]} Rg8 {[%emt 0:00:06]} 27. Nh3 {[%emt 0:04:20]} Be8 {[%emt 0:04:50]} 28. Ng5+ {[%emt 0:04:59]} hxg5 {[%emt 0:00:06]} 29. hxg5 {[%emt 0:00:03]} Rf8 {[%emt 0:01:47]} 30. Rh1+ {[%emt 0:02:03]} Kg8 {[%emt 0:00:06]} 31. Rgh3 {[%emt 0:00:54]} Qg6 {[%emt 0:01:31]} 32. Nf4 {[%emt 0:00:37]} Rxf4 {[%emt 0:02:05]} 33. Rh8+ {[%emt 0:00:05]} Kf7 {[%emt 0:00:02]} 34. Qxf4+ {[%emt 0:00:05]} Qf5 {[%emt 0:00:03]} 35. g6+ {[%emt 0:01:30]} Ke7 {[%emt 0:00:15]} 36. Rxf8 {[%emt 0:00:32]} Kxf8 {[%emt 0:01:52]} 37. Rh8+ {[%emt 0:00:41]} Ke7 {[%emt 0:00:03]} 38. Qh4+ {[%emt 0:00:32]} Kd7 {[%emt 0:00:05]} 39. Rg8 {[%emt 0:00:41]} Qb1+ {[%emt 0:00:48]} 40. Ke2 {[%emt 0:00:00]} Qd3+ {[%emt 0:00:00]} 41. Ke1 {[%emt 0:00:19]} Qxg6 {[%emt 0:16:31]} 42. Qh8 {[%emt 0:00:12]} Qb1+ {[%emt 0:02:00]} 43. Ke2 {[%emt 0:00:49]} Qd3+ {[%emt 0:00:06]} 44. Ke1 {[%emt 0:00:04]} Nxb2 {[%emt 0:03:43]} 45. Rxg7+ {[%emt 0:02:55]} Kd8 {[%emt 0:00:13]} 46. Qh4+ {[%emt 0:03:20]} Kc8 {[%emt 0:00:15]} 47. f3 {[%emt 0:04:04]} Qxf3 {[%emt 0:07:08]} 48. Qf6 {[%emt 0:13:26]} Nd3+ {[%emt 0:00:07]} 49. Kd2 {[%emt 0:00:06]} Qf2+ {[%emt 0:00:08]} 0-1

[Event "Belarus-ch Men 2022"]
[Site "Minsk"]
[Date "2022.01.13"]
[Round "1.2"]
[White "Volianuk, Vitaly"]
[Black "Aleksandrov, Aleksej"]
[Result "0-1"]
[WhiteElo "2267"]
[BlackElo "2502"]
[Annotator "TA"]
[PlyCount "73"]
[EventDate "2022.01.09"]
[EventType "tourn"]
[EventCountry "BLR"]
[SourceTitle "playchess.com"]
[Source "ChessBase"]
[SourceQuality "1"]

{[%evp 9,73,12,0,5,2,-8,-3,-24,24,6,19,10,15,20,12,18,10,0,0,4,2,0,20,-16,-37,-29,-30,-41,-21,-19,-11,-85,-73,-66,-39,-34,-32,-35,-37,-45,-20,-18,-18,-16,0,0,3,-19,-24,-35,14,13,11,18,18,-3,-4,-4,-1,-1,0,0,0,0,0,-469]} 1. g3 d5 2. Nf3 c6 3. Bg2 Bf5 4. c4 e6 5. cxd5 exd5 6. d3 {A11: English Opening: 1...c6.} Nf6 7. Qb3 {[#]} Nbd7 $146 ({Predecessor:} 7... Qb6 8. Qc2 Be7 9. O-O O-O 10. Nc3 Na6 11. e4 dxe4 12. dxe4 Bg6 13. Nh4 Nb4 {½-½ (35) Svidler,P (2753)-Naiditsch,A (2705) Dubai 2014}) 8. Be3 (8. Qxb7 $2 Nc5 9. Qxc6+ Bd7 10. Qxa8 Qxa8 $19) 8... Qc8 (8... Bc5 {is superior.}) 9. Nc3 Bd6 10. Rc1 Qb8 11. O-O O-O 12. Rfe1 Re8 13. Bd4 {[%cal Oe2e4]} h6 14. Nh4 Bh7 15. e4 {[%cal Re4d5]} Bc5 16. Bxc5 Nxc5 17. Qc2 dxe4 18. dxe4 a5 19. Rcd1 b5 20. f3 (20. Nf5 $11) 20... Qa7 {White must now prevent ...Ncxe4+.} 21. Qf2 g5 {Strongly threatening ...b4.} (21... b4 $5 {[%cal Rb4c3]} 22. Ne2 Bxe4 $17) 22. Nf5 $1 Bxf5 23. exf5 Rxe1+ 24. Rxe1 Nd3 {To avoid f4. Pair of Knights!} (24... b4 $5 {[%cal Rb4c3]} 25. Ne4 Nfxe4 26. fxe4 Nd3 27. Qxa7 Rxa7 $11) 25. Qxa7 Rxa7 26. Re2 {[%cal Be1e2,Be2d2,Bd2d6,Bd6c6][%mdl 32]} a4 27. Rd2 Ne5 28. Rd6 {[#]} b4 $1 29. Nd1 ({Much worse is} 29. Rxf6 bxc3 30. bxc3 Rd7 31. Rxh6 Rd1+ 32. Bf1 Rd2 $17) 29... Kg7 (29... Nd5 $15) 30. f4 $11 {The position is equal.} gxf4 31. gxf4 Nc4 32. Rxc6 {[#]} (32. Rd4 $5 {[%cal Rd4c4]} Rd7 33. Rxd7 Nxd7 34. Bxc6 $11) 32... Rd7 $1 33. Bf3 ({Reject} 33. Rxc4 Rxd1+ 34. Bf1 Nd5 $17) 33... Nd2 34. Be2 Nd5 35. f6+ Kg6 36. Bd3+ Kh5 37. Ne3 $2 {[%mdl 8192] Weighted Error Value: White=0.10 (very precise) /Black=0.09 (flawless)} 0-1

[Event "Belarus-ch Men 2022"]
[Site "Minsk"]
[Date "2022.01.13"]
[Round "1.3"]
[White "Nikitenko, Mihail"]
[Black "Zarubitski, Viachaslau"]
[Result "0-1"]
[WhiteElo "2506"]
[BlackElo "2413"]
[Annotator "TA"]
[PlyCount "114"]
[EventDate "2022.01.09"]
[EventType "tourn"]
[EventCountry "BLR"]
[SourceTitle "playchess.com"]
[Source "ChessBase"]
[SourceQuality "1"]

{[%evp 10,114,16,0,-3,0,7,1,0,2,-8,-1,-3,0,-7,0,0,0,0,0,0,0,0,-11,-12,-10,-6,-21,-22,-10,0,-22,-21,-20,-21,-53,-45,-65,-58,-116,-68,-77,-86,-79,-68,-64,-69,-78,-76,-86,-90,-87,-88,-144,-98,-121,-118,-248,-194,-197,-173,-148,-161,-171,-45,-58,-18,-28,9,-93,-29,-81,-41,-64,-39,-30,-38,-87,-59,-62,-65,-177,-114,-197,-211,-211,-207,-333,-295,-399,-394,-453,-443,-458,-458,-443,-454,-521,-524,-1134,-1139,-1545,-1510,-1475,-1441,-5804,-2774]} 1. e4 e5 2. Bc4 Nf6 3. d3 c6 4. Nf3 d5 5. Bb3 Bb4+ 6. c3 Bd6 {C24: Bishop's Opening: 2...Nf6.} 7. O-O O-O 8. Bg5 dxe4 {The position is equal.} 9. dxe4 Bc7 10. Nbd2 Nbd7 {[%cal Bb8d7,Bd7c5,Bc5e6,Be6f4][%mdl 32]} 11. Re1 Nc5 12. Bc2 {[#]} Bg4 $146 ({Predecessor:} 12... a5 13. Nc4 Qe7 14. Nfxe5 Bxe5 15. Nxe5 Qxe5 16. f4 Qc7 17. Bxf6 gxf6 18. Qh5 Qe7 {½-½ (32) Hall,R (2598)-Kribben,M (2666) ICCF email 2017}) 13. h3 Bh5 14. Qe2 Ne6 15. Be3 Nd7 16. Qf1 a5 17. a4 Qf6 18. Kh1 Rfd8 19. Ng1 Nf4 20. g3 Ne6 21. h4 Qe7 {[%cal Ob7b5]} 22. Qh3 {Strongly threatening g4.} f6 23. Qf5 Bf7 24. h5 (24. Qh3 $15) 24... Ndc5 (24... Bb6 $17 {And now ...Bxe3 would win.} 25. Nc4 Ng5 26. Nxb6 Be6 27. Nxa8 (27. Bb3 $2 Bxb3 28. Bxg5 Nxb6 $19) 27... Bxf5 28. exf5 Rxa8) 25. h6 g6 26. Qf3 b5 27. axb5 cxb5 28. Nf1 Nd3 29. Reb1 {[%cal Ob2b4]} Ra6 30. Qe2 Rad6 31. b4 {[#]} ({Better is} 31. f3) 31... a4 (31... axb4 $142 $1 32. cxb4 f5 33. exf5 gxf5) 32. Rd1 {[%cal Rc2d3]} Qd7 33. Qf3 {Inhibits f5.} (33. Nf3 $17 {was necessary.}) 33... f5 34. exf5 gxf5 35. Qxf5 ({Don't play} 35. Rxd3 Rxd3 36. Qxf5 Bg6) 35... Bg6 36. Qg4 Qc6+ ({Black should try} 36... Kh8 $19 {[%cal Od3f2] Hoping for ...Nxf2+!} 37. Bxd3 Qc6+ 38. Nf3 Rxd3 39. Rxd3 Bxd3) 37. Kh2 $1 $15 e4 38. Bxd3 exd3 39. Rac1 (39. Nd2 $1 $11) 39... Rd5 (39... Qe4 $17 40. Qxe4 Bxe4) 40. Nf3 (40. c4 $1 $11 Rh5+ 41. Nh3) 40... Rh5+ 41. Kg1 Qe4 $36 {[%mdl 2048] Black has the initiative.} 42. N1h2 Kf7 {aiming for ...Qxg4. The board is on fire.} 43. Qxe4 (43. Nd2 $1 $15 Qxg4 44. Nxg4) 43... Bxe4 $17 44. c4 Bd6 {[%mdl 1024] Black has compensation. Black is much more active.} 45. c5 ({White should play} 45. cxb5 $15 Rxb5 46. Ra1) 45... Bc7 (45... Be7 $19 46. Rc3 Bf6) 46. Nd2 {[#]} (46. Ra1 $17) 46... Bc6 $1 $19 {[%cal Oe6f4]} 47. Ndf3 Be5 {Prevents Rc3.} 48. Rd2 (48. Nxe5+ {is a better defense.} Rxe5 49. Rc3) 48... Bh8 49. Ne1 a3 50. Rcd1 Ra8 {Black is clearly winning.} ({Not} 50... Bc3 $2 51. g4 Bxd2 52. Bxd2 $19) 51. Rxd3 a2 52. Nc2 Be4 {[%mdl 64] Skewer} 53. Rd7+ Ke8 54. Na1 Bxa1 {This bishop pair is nice.} 55. R7d6 Be5 56. Rxe6+ Kf7 57. Rxe5 {[#]} a1=Q $1 {[%mdl 512] Weighted Error Value: White=0.47/Black=0.13 (very precise)} 0-1

[Event "Belarus-ch Men 2022"]
[Site "Minsk"]
[Date "2022.01.13"]
[Round "1.4"]
[White "Lutsko, Igor"]
[Black "Stupak, Kirill"]
[Result "1/2-1/2"]
[WhiteElo "2305"]
[BlackElo "2478"]
[Annotator "TA"]
[PlyCount "148"]
[EventDate "2022.01.09"]
[EventType "tourn"]
[EventCountry "BLR"]
[SourceTitle "playchess.com"]
[Source "ChessBase"]
[SourceQuality "1"]

{[%evp 9,148,46,27,32,30,31,27,20,62,24,24,23,36,18,18,22,40,34,30,27,39,40,47,49,50,41,45,45,39,29,33,36,29,37,35,32,50,50,42,40,50,50,50,41,50,42,50,50,57,47,50,52,50,49,184,49,60,39,48,16,49,23,39,39,39,39,39,23,39,31,39,0,37,3,6,9,12,0,0,0,0,-7,0,0,0,0,0,0,0,0,0,0,-6,-8,-8,-17,0,0,0,-14,0,0,0,0,0,0,0,0,0,0,0,0,0,0,0,0,62,0,0,0,0,0,0,0,0,0,0,0,0,0,0,0,0,0,0,0,0,0,0,0,0]} 1. d4 Nf6 2. c4 e6 3. Nc3 d5 4. Bg5 Bb4 5. e3 h6 6. Bxf6 {D50: Queen's Gambit Declined: Dutch-Peruvian Gambit.} (6. Bh4 g5 7. Bg3 Ne4 8. Nge2 h5 9. h4 Nxg3 10. Nxg3 gxh4 11. Nge2 c6 12. Qb3 Bd6 13. e4 dxc4 14. Qxc4 Nd7 15. O-O-O Nb6 16. Qd3 Qg5+ 17. Kb1 {0-1 (55) Lutsko,I (2291)-Stupak,K (2482) Minsk 2021}) 6... Qxf6 7. Qb3 c5 {[%cal Oc5d4]} 8. cxd5 {White has an edge.} exd5 (8... O-O $1 $11) 9. a3 Bxc3+ 10. Qxc3 Nd7 {[#]} 11. Ne2 $146 ({Predecessor:} 11. Nf3 O-O 12. Be2 b6 13. O-O Bb7 14. Rac1 c4 15. h3 b5 16. Ne5 Nxe5 17. dxe5 Qe7 18. Bg4 a5 19. f4 f6 20. Qd4 Kh8 {0-1 (53) Tudor,H (1753)-Gheorghiu,C (2294) Alba Iulia 2021}) 11... b6 12. Nf4 cxd4 (12... Bb7 {looks sharper.} 13. Bb5 Rc8 14. O-O Rc7 15. Rad1 O-O) 13. Qxd4 Qxd4 14. exd4 Nf6 15. Rc1 O-O 16. f3 Bb7 17. Bb5 Rfc8 18. Kd2 Kf8 19. g4 Rxc1 20. Rxc1 Rc8 {Prevents Rc7.} 21. Re1 Ne8 22. Bd3 Nd6 23. b3 $1 Re8 24. Rg1 g6 25. h4 Ke7 26. Rc1 Kd8 27. Ng2 Kd7 28. Ne3 Rg8 29. Rf1 Kd8 30. a4 a5 31. Rh1 Bc6 (31... Re8 $14) 32. Rc1 (32. h5 $18) 32... Bb7 $14 33. Rg1 Kd7 34. Ng2 Re8 35. Nf4 Kd8 36. Rc1 Re7 37. Ne2 Ne8 38. Ng3 Nd6 39. Rf1 Bc8 40. Rc1 Bb7 41. g5 hxg5 42. hxg5 Ne8 43. Bf1 Nc7 44. Bh3 Na6 45. Nf1 Nb4 46. Ne3 Nc6 47. Nc2 Ba6 48. Bf1 {To avoid Re2+} Bxf1 49. Rxf1 $11 {[%mdl 4096] Endgame KRN-KRN} Kd7 50. Rh1 Nd8 51. Rh4 Ne6 52. f4 {[%cal Bf3f4,Bf4f5][%mdl 32]} Ng7 53. Rh8 Ne6 54. Rh4 Kd6 55. Kd3 Ng7 56. Rh8 Nh5 57. f5 ({Of course not} 57. Rd8+ Kc7 58. Rh8 Nxf4+ 59. Kc3 Ne6 $17) 57... Nf4+ 58. Kd2 $1 Re2+ 59. Kd1 $1 gxf5 60. Rh6+ Re6 61. Ne3 $1 Rg6 62. Nxf5+ Ke6 (62... Kc7 $11) 63. Rxg6+ (63. Nh4 $14 Rxh6 64. gxh6) 63... fxg6 $14 {KN-KN. The position is equal.} 64. Nh4 $1 Nh3 65. Nxg6 Nxg5 66. Ne5 Kf5 67. Kc2 Ke4 68. Kc3 Ne6 69. Nd7 {[#] Nf6+ is the strong threat.} Nxd4 70. Nf6+ Ke5 71. Ng4+ Ke4 72. Nf6+ Ke5 73. Ng4+ Ke4 74. Nf6+ Ke5 {Weighted Error Value: White=0.09 (flawless) /Black=0.08 (flawless)} 1/2-1/2

[Event "Belarus-ch Men 2022"]
[Site "Minsk"]
[Date "2022.01.13"]
[Round "1.5"]
[White "Siniauski, Artsiom"]
[Black "Runets, Ivan"]
[Result "1/2-1/2"]
[WhiteElo "2301"]
[BlackElo "2240"]
[Annotator "ChessBase"]
[PlyCount "67"]
[EventDate "2022.01.09"]
[EventType "tourn"]
[EventCountry "BLR"]
[SourceTitle "playchess.com"]
[Source "ChessBase"]
[SourceQuality "1"]
[TimeControl "40/5400+30:1800+30"]

1. e4 {[%emt 0:00:03]} e5 {[%emt 0:00:04]} 2. Nf3 {[%emt 0:00:12]} Nf6 {[%emt 0:00:11]} 3. d4 {[%emt 0:01:33]} Nxe4 {[%emt 0:01:19]} 4. Bd3 {[%emt 0:01:17]} d5 {[%emt 0:00:28]} 5. Nxe5 {[%emt 0:01:00]} Nd7 {[%emt 0:00:19]} 6. Nxd7 {[%emt 0:04:19]} Bxd7 {[%emt 0:00:16]} 7. O-O {[%emt 0:00:35]} Bd6 {[%emt 0:00:20]} 8. c4 {[%emt 0:02:19]} O-O {[%emt 0:00:51]} 9. c5 {[%emt 0:20:47]} Be7 {[%emt 0:00:25]} 10. Nd2 {[%emt 0:03:20]} Nxd2 {[%emt 0:18:13]} 11. Bxd2 {[%emt 0:02:10]} Bf6 {[%emt 0:03:21]} 12. Be3 {[%emt 0:02:54]} c6 {[%emt 0:05:18]} 13. a4 {[%emt 0:09:38]} a5 {[%emt 0:16:14]} 14. Bf4 {[%emt 0:08:33]} Re8 {[%emt 0:05:14]} 15. Ra3 {[%emt 0:03:45]} Bxd4 {[%emt 0:03:25]} 16. Bxh7+ {[%emt 0:05:25]} Kxh7 {[%emt 0:01:02]} 17. Qxd4 {[%emt 0:00:10]} Re4 {[%emt 0:00:30]} 18. Qd2 {[%emt 0:00:44]} Bf5 {[%emt 0:09:33]} 19. g4 {[%emt 0:09:10]} Bg6 {[%emt 0:04:27]} 20. Rh3+ {[%emt 0:06:40]} Kg8 {[%emt 0:00:12]} 21. f3 {[%emt 0:00:10]} Rc4 {[%emt 0:04:27]} 22. Be5 {[%emt 0:00:39]} f6 {[%emt 0:00:36]} 23. Bd4 {[%emt 0:00:44]} Rc2 {[%emt 0:04:39]} 24. Qe1 {[%emt 0:04:02]} Qe8 {[%emt 0:06:19]} 25. Qh4 {[%emt 0:03:40]} Qe2 {[%emt 0:05:16]} 26. Bf2 {[%emt 0:02:52]} Kf7 {[%emt 0:00:44]} 27. Re1 {[%emt 0:03:54]} Qd2 {[%emt 0:00:32]} 28. Qg3 {[%emt 0:00:14]} Kg8 {[%emt 0:07:25]} 29. Qh4 {[%emt 0:00:12]} Kf7 {[%emt 0:00:12]} 30. Qg3 {[%emt 0:00:04]} Rf8 {[%emt 0:01:13]} 31. Be3 {[%emt 0:01:50]} Qb4 {[%emt 0:00:41]} 32. Bf2 {[%emt 0:00:37]} Qd2 {[%emt 0:00:53]} 33. Be3 {[%emt 0:00:05]} Qb4 {[%emt 0:01:20]} 34. Bf2 {[%emt 0:00:04]} 1/2-1/2

[Event "Belarus-ch Men 2022"]
[Site "Minsk"]
[Date "2022.01.13"]
[Round "1.6"]
[White "Fedorov, Alexei"]
[Black "Lazavik, Denis"]
[Result "0-1"]
[WhiteElo "2552"]
[BlackElo "2465"]
[Annotator "TA"]
[PlyCount "66"]
[EventDate "2022.01.09"]
[EventType "tourn"]
[EventCountry "BLR"]
[SourceTitle "playchess.com"]
[Source "ChessBase"]
[SourceQuality "1"]

{[%evp 12,66,-14,-12,-4,-21,-8,-18,-15,-20,-9,-14,-16,-5,0,0,0,-12,0,-30,-27,-44,-19,-44,-46,-58,-29,-47,-15,-19,-17,-35,-38,-38,-35,-118,-94,-87,-111,-110,-56,-110,-112,-119,-116,-114,-111,-123,-92,-143,-157,-145,-144,-158,-153,-506,-487]} 1. Nf3 d5 2. g3 g6 3. c4 c6 4. Qa4 dxc4 5. Qxc4 Bg7 6. Bg2 e5 7. O-O Ne7 {A09: Réti Opening: 1 Nf3 d5 2 c4.} 8. d3 O-O 9. Nbd2 h6 {The position is equal.} 10. Qc2 Be6 {[#]} 11. a3 $146 ({Predecessor:} 11. Nc4 Nd7 12. Bd2 Qc7 13. Rfd1 Rac8 14. a4 c5 15. Rac1 Nc6 16. e3 Rfd8 17. Qb1 {½-½ (91) Bivol,A (2393)-Ushenina,A (2440) St Petersburg 2018}) 11... Nd7 12. Rb1 Ba2 13. Ra1 Be6 14. Rb1 c5 15. b3 Rc8 16. Bb2 Nc6 17. e3 Qe7 18. Rbc1 f5 19. Qb1 a5 20. Qa1 Bf7 {[%cal Oa5a4]} 21. Rfe1 g5 22. h3 Rfd8 23. Nc4 (23. Qb1 $15) 23... b5 $17 {[%cal Bb7b5,Bb5b4,Bb4c3][%mdl 32]} 24. Ncd2 Nb6 {[%cal Bd7b6,Bb6a4,Ba4c3][%mdl 32]} 25. Rc2 Rxd3 (25... b4 $17 26. e4 a4) 26. Bf1 (26. Rec1 $1 $15) 26... Rxb3 {aiming for ...a4. Black is more active.} 27. Rec1 {[#]} Rxb2 28. Qxb2 b4 29. Qb1 Na4 $36 {[%mdl 2048] ...e4 is the strong threat. Black is really pushing.} 30. Bb5 (30. axb4 $142 Nxb4 31. Bc4) 30... Nc3 31. Rxc3 bxc3 32. Qxf5 {[#]} Na7 ({But not} 32... Be6 {[#]} 33. Bc4 $1 Re8 34. Bxe6+ Qxe6 35. Qxe6+ Rxe6 36. Ne4 $16) 33. Nf1 (33. Rxc3 $17 {is a better chance.} e4 34. Nxe4) 33... e4 {Weighted Error Value: White=0.27 (precise) /Black=0.07 (flawless)} 0-1

[Event "Belarus-ch Men 2022"]
[Site "Minsk"]
[Date "2022.01.13"]
[Round "2.1"]
[White "Tsaruk, Maksim"]
[Black "Lazavik, Denis"]
[Result "1/2-1/2"]
[WhiteElo "2343"]
[BlackElo "2465"]
[Annotator "TA"]
[PlyCount "52"]
[EventDate "2022.01.09"]
[EventType "tourn"]
[EventCountry "BLR"]
[SourceTitle "playchess.com"]
[Source "ChessBase"]
[SourceQuality "1"]

{[%evp 16,52,31,33,23,22,24,22,20,24,20,0,25,20,18,16,27,22,31,25,18,21,27,25,19,19,33,20,28,11,32,29,43,56,45,0,0,0,52]} 1. e4 c5 2. Nf3 e6 3. d4 cxd4 4. Nxd4 Nc6 5. Nc3 Qc7 6. Be3 a6 7. a3 b5 8. Nxc6 Qxc6 9. Be2 Bb7 {B49: Sicilian: Taimanov: 5 Nc3 Qc7 6 Be3 a6 7 Be2.} 10. O-O Bd6 {[#] Inhibits Bf4.} 11. f4 $146 ({Predecessor:} 11. Qd4 e5 12. Qd3 Nf6 13. Rad1 Bc5 14. Nd5 Nxd5 15. exd5 Qd6 16. Bxc5 Qxc5 17. c4 bxc4 18. Qxc4 Qxc4 19. Bxc4 {½-½ (72) Motylev,A (2675)-Hambleton,A (2474) London 2017}) 11... Ne7 {[%cal Oe7f5]} 12. Bf3 {[#] Hoping for e5.} Bc5 13. Qd2 d6 14. Rad1 O-O 15. Bxc5 Qxc5+ 16. Qf2 Rfd8 17. Rd3 Qxf2+ 18. Kxf2 Kf8 19. Rfd1 Nc8 {[%cal Be7c8,Bc8a7,Ba7c6][%mdl 32]} 20. Rd4 Ke7 21. a4 Na7 22. axb5 axb5 23. Be2 Nc6 {[#] Strongly threatening ...b4.} 24. R4d2 $1 Na7 25. Rd4 (25. b4 $14 {was preferrable.}) 25... Nc6 $11 {aiming for ...b4.} 26. R4d2 (26. R4d3 $11) 26... Na7 {Weighted Error Value: White=0.05 (flawless) /Black=0.03 (flawless)} ({Don't do} 26... b4 27. Nb5 $14) 1/2-1/2

[Event "Belarus-ch Men 2022"]
[Site "Minsk"]
[Date "2022.01.13"]
[Round "2.2"]
[White "Runets, Ivan"]
[Black "Fedorov, Alexei"]
[Result "0-1"]
[WhiteElo "2240"]
[BlackElo "2552"]
[Annotator "TA"]
[PlyCount "66"]
[EventDate "2022.01.09"]
[EventType "tourn"]
[EventCountry "BLR"]
[SourceTitle "playchess.com"]
[Source "ChessBase"]
[SourceQuality "1"]

{[%evp 11,66,31,45,56,47,37,29,20,39,33,32,32,40,52,52,41,64,63,70,78,74,54,71,61,62,46,118,109,97,75,96,84,139,120,131,63,47,-2,-4,0,-10,-199,-198,-178,-195,-584,-547,-582,-440,-1450,-513,-794,-779,-951,-805,-2399,-2162]} 1. d4 Nf6 2. c4 g6 3. Nc3 Bg7 4. e4 d6 5. h3 O-O 6. Be3 Na6 7. g4 {E71: King's Indian: 4 e4 d6 5 h3.} c6 8. Qd2 e5 9. d5 {White has an edge.} Nc5 10. f3 cxd5 11. cxd5 a5 12. Nge2 Bd7 13. Ng3 a4 14. Nb5 Qb6 15. Na3 Rfc8 {[#]} 16. Be2 $146 ({Predecessor:} 16. h4 Qd8 17. g5 Ne8 18. h5 Rab8 19. Kf2 b5 20. Nc2 b4 21. Ne1 Nc7 22. Kg1 {0-1 (74) Anton Guijarro,D (2666)-Kovalev,V (2639) Riadh 2017}) 16... Ne8 17. Rc1 Bf8 18. Kf1 Qd8 (18... Qa5 $1 $14) 19. Kg2 Ng7 20. g5 Rab8 21. h4 f5 (21... b5 $142) 22. gxf6 $1 $16 Qxf6 23. Bg5 (23. h5 $1 $16 {[%cal Rh5g6]}) 23... Qf7 $14 24. f4 (24. Rcf1 $14) 24... h6 $1 $11 25. fxe5 hxg5 26. e6 $2 {[#] This move loses the game for White.} (26. hxg5 $11 {and White has nothing to worry.} dxe5 27. Rcf1) 26... Ngxe6 $1 27. dxe6 Nxe6 {Chess con chili.} ({Weaker is} 27... Bxe6 28. hxg5 Bg7 29. Qxd6 $11) 28. hxg5 $2 (28. Bc4) 28... Nf4+ $19 {Black is clearly winning.} 29. Kh2 d5 {[%cal Of7e6] aiming for ...Qe6!} 30. e5 {[#]} (30. Rcf1 $142 Bd6 31. Bb5) 30... Be7 (30... Qe6 $142 $1 {( -> ...Qh3+)} 31. Kg1 Rxc1+ 32. Qxc1 Qb6+ 33. Kf1 Bxa3 34. Qxf4 {[#]} Rf8 $1) 31. Rxc8+ (31. Rcf1 $142 Bxg5 32. Qd4) 31... Rxc8 32. Rf1 Bxg5 {Hoping for ...Qe6. This bishop pair is nice.} 33. Qd4 Qh7+ {Weighted Error Value: White=0.81/Black=0.37} 0-1

[Event "Belarus-ch Men 2022"]
[Site "Minsk"]
[Date "2022.01.13"]
[Round "2.3"]
[White "Stupak, Kirill"]
[Black "Siniauski, Artsiom"]
[Result "1-0"]
[WhiteElo "2478"]
[BlackElo "2301"]
[Annotator "TA"]
[PlyCount "51"]
[EventDate "2022.01.09"]
[EventType "tourn"]
[EventCountry "BLR"]
[SourceTitle "playchess.com"]
[Source "ChessBase"]
[SourceQuality "1"]

{[%evp 17,51,-7,9,-2,-9,-5,0,0,0,0,33,28,20,26,3,15,60,0,55,49,207,247,834,793,760,783,1083,691,1240,1232,1211,1212,1178,1017,29982,3732]} 1. d4 Nf6 2. c4 e6 3. Nc3 Bb4 4. Nf3 b6 5. Bg5 {[%cal Bc1g5,Bg5h4,Bh4g3][%mdl 32]} Bb7 6. e3 h6 7. Bh4 g5 8. Bg3 Ne4 9. Qc2 f5 10. Nd2 {[%cal Rd2e4] E13: Queen's Indian/Nimzo-Indian hybrid: 4 Nc3 Bb7 5 Bg5 h6 6 Bh4 Bb4.} Bxc3 11. bxc3 d6 12. Nxe4 {The position is equal.} Bxe4 13. Qb3 {[%cal Oc4c5]} Qf6 {And now ...f4 would win.} 14. f3 {[#]} Bc6 $146 ({Predecessor:} 14... Bb7 15. c5 f4 16. Bf2 Nc6 17. cxd6 cxd6 18. Bd3 O-O-O 19. e4 Na5 20. Qb4 g4 {0-1 (43) Nguyen,A (2495)-Chernyshov,K (2485) Budapest 1999}) 15. h4 {[%cal Oc4c5,Bh2h4,Bh4h5][%mdl 32] Strongly threatening c5!} g4 16. fxg4 {[%cal Og4g5]} Rg8 {Inhibits g5.} (16... Nd7 $11) 17. Be2 (17. g5 $1 $14 hxg5 18. hxg5 Rxg5 19. Bh4) 17... fxg4 ({Better is} 17... Nd7 $1 $11) 18. Rf1 $36 {[%mdl 2048] White is pushing.} Qg6 {[#] A mistake that costs the game.} (18... Qe7 $1 $14) 19. c5 $1 $18 {[%cal Oe2d3] Black must now prevent Bd3!} Bxg2 $2 (19... Bd5 20. c4 Bxg2) 20. h5 Qe4 {[#]} 21. Rf6 $1 d5 22. Kd2 Nd7 23. Qa4 Ke7 24. Rf4 Qh7 25. Bh4+ Ke8 26. Qc6 {Weighted Error Value: White=0.34/Black=1.01} 1-0